Asif Jahs of Hyderabad : (Record no. 47653)
[ view plain ]
| 000 -LEADER | |
|---|---|
| fixed length control field | 01006nam a22002657a 4500 |
| 005 - DATE AND TIME OF LATEST TRANSACTION | |
| control field | 2010092300390.0 |
| 008 - FIXED-LENGTH DATA ELEMENTS--GENERAL INFORMATION | |
| fixed length control field | 100923t xxu||||| |||| 00| 0 eng d |
| 010 ## - LCCN (DPL NO) | |
| LC control number | ENG-101539 |
| 020 ## - INTERNATIONAL STANDARD BOOK NUMBER | |
| Terms of availability | 400.00 |
| International Standard Book Number | 9788174430335 |
| 035 ## - SYSTEM CONTROL NUMBER | |
| System control number | EN-85072 |
| 037 ## - SOURCE OF ACQUISITION | |
| Source of stock number/acquisition | DBAD/PUB |
| 040 ## - CATALOGING SOURCE | |
| Original cataloging agency | dpl |
| Language of cataloging | English |
| 082 ## - DEWEY DECIMAL CLASSIFICATION NUMBER | |
| Classification number | 954.84 |
| 100 ## - MAIN ENTRY--PERSONAL NAME | |
| 9 (RLIN) | 21271 |
| Personal name | Prasad, Rajendra |
| 245 ## - TITLE STATEMENT | |
| Title | Asif Jahs of Hyderabad : |
| Statement of responsibility, etc | by Rajender Prasad |
| Remainder of title | their rise and decline / |
| 260 ## - PUBLICATION, DISTRIBUTION, ETC. (IMPRINT) | |
| Place of publication, distribution, etc | Hyderabad |
| Name of publisher, distributor, etc | Prachee Publications |
| Date of publication, distribution, etc | 2010 |
| 270 ## - ADDRESS | |
| Address | 3-3-859/1, Lane Opposite Arya Samaj Kachiguda, |
| City | Hyderabad |
| Postal code | 500027 |
| 300 ## - PHYSICAL DESCRIPTION | |
| Extent | x,391p. |
| Dimensions | 22cm (pbk) |
| 500 ## - GENERAL NOTE | |
| General note | Includes index |
| 651 ## - SUBJECT ADDED ENTRY--GEOGRAPHIC NAME | |
| Geographic name | Hyderabad (India : State) |
| General subdivision | History. |
| 9 (RLIN) | 21935 |
| 651 ## - SUBJECT ADDED ENTRY--GEOGRAPHIC NAME | |
| Geographic name | Hyderabad (India : State) |
| General subdivision | Kings and rulers |
| 9 (RLIN) | 21936 |
| 700 ## - ADDED ENTRY--PERSONAL NAME | |
| 9 (RLIN) | 21394 |
| 942 ## - ADDED ENTRY ELEMENTS (KOHA) | |
| Source of classification or shelving scheme | Dewey Decimal Classification |
| Item type | English Books |
| Call number suffix | PRA |
| Classification part | 954.84 |
| Withdrawn status | Lost status | Source of classification or shelving scheme | Damaged status | Not for loan | Collection code | Home library | Current library | Date acquired | Source of acquisition | Cost, normal purchase price | Total Checkouts | Full call number | Barcode | Date last seen | Copy number | Cost, replacement price | Koha item type |
|---|---|---|---|---|---|---|---|---|---|---|---|---|---|---|---|---|---|
| Dewey Decimal Classification | Not For Loan | Non-fiction | D.B.Act.Division | D.B.Act.Division | 24/09/2010 | DBAD/PUB | 400.00 | 954.84 PRA | EN-85072 | 24/09/2010 | 1 | 400.00 | English Books |
